| 000 | 00677cam a2200217 4500 | ||
|---|---|---|---|
| 999 |
_c532276 _d532276 |
||
| 003 | Nust | ||
| 005 | 20191115115640.0 | ||
| 008 | 170216b xxu||||| |||| 00| 0 eng d | ||
| 038 | _aMSOHAIL | ||
| 040 | _cNust- | ||
| 082 | 0 | 0 |
_a624.1834 _bTRE |
| 100 | 1 |
_aTretʹi︠a︡kov, Anatoliĭ Konstantinovich. _925657 |
|
| 245 | 1 | 0 |
_aConcrete and concreting, _cby A. Tretyakov. Translated from the Russian by G. Gibson. |
| 260 |
_aMoscow, _bMIR Publishers, _c1968. |
||
| 300 |
_a312 p. with illus. _c20 cm. |
||
| 500 | _aTranslation of Betonnye raboty. | ||
| 650 | 0 |
_aConcrete construction. _925658 |
|
| 650 | 0 |
_aPrecast concrete. _925659 |
|
| 650 | 0 |
_aMCE _9379 |
|
| 942 |
_cBK _2ddc |
||